Дело по вопросу о подсудности нижних чинов полицейских и пожарных команд в Кронштадте за все преступления, относящиеся до наруше...

Доступно только в Электронных читальных залах Найти на картеНа карте
RUSMARC
00003764nmc2a22000003x 450
001c2ec68d4-92d3-4624-a16e-c359f179d114
00520210309170620.0
100##$a20181126l18671867k l0rusy0189 ca
1010#$arus
102##$aRU
2001#$aДело по вопросу о подсудности нижних чинов полицейских и пожарных команд в Кронштадте за все преступления, относящиеся до нарушения обязанностей военной службы
$j27 сентября - 7 ноября 1867 г.
251##$cДело
300##$aДело
801#0$aRU
$bРГИА
$c20181126
$gRCR
801#1$aRU
$bГлавНИВЦ
$c20181126
$2rusmarc
801#2$aRU
$bПБ им. Б.Н. Ельцина
$c20210309
$gRCR
$2rusmarc
850##$aРГИА
852##$aРГИА
$eФедеральное казенное учреждение "Российский государственный исторический архив" (РГИА)
$j91
937##$hРГИА
$d12293672
$aASBIBLIO_SCAN
462#0$100191353b96-cc3d-4f24-9eeb-3bfef1665a95
$12001
$aДела Департамента полиции исполнительной МВД за 1867 год
$1251
$cОпись
$1852
$j28
$l1867 г.
461#0$10013e300ed0-cd39-49af-8489-5ba5b90fa401
$12001
$aДепартамент полиции исполнительной МВД
$1251
$cФонд
$1852
$j1286
215##$a7 л.
$d36,5х26 см
371##$aДокумент не является опубликованным и широко распространяемым
105##$ay###
1222#$ad
035##$ac2ec68d4-92d3-4624-a16e-c359f179d114
856##$uhttp://readingroom.main.prlib.ru/item.aspx?id_node=n158344343&mode=full
Формат отображения